Resolutions of the Legislature of New Hampshire, in favor of the removal of the terms of the United States circuit and district courts from Exeter to Concord.

Bibliographic Details
Corporate Author: ProQuest (Firm)
Format: eBook
Language:English
Published: Washington : [publisher not identified], 1847.
Series:United States congressional serial set.
Subjects:
Online Access:Connect to the full text of this electronic book

MARC

Tag First Indicator Second Indicator Subfields
LEADER 00000cam a22000001a 4500
001 in00002939521
005 20190331191234.0
006 m o d
007 cr un mmmapmmp
008 080731s1847 dcu o f000 0 eng d
035 |a cis2004291976 
040 |a UMI  |c UMI  |d UtOrBLW 
043 |a n-us--- 
099 |a ProQuest Serial Set Number 511 S.misdoc.16 
245 0 0 |a Resolutions of the Legislature of New Hampshire, in favor of the removal of the terms of the United States circuit and district courts from Exeter to Concord. 
246 1 |a Legislature of New Hampshire, for removal of terms of circuit and district courts from Exeter to Concord 
264 1 |a Washington :  |b [publisher not identified],  |c 1847. 
300 |a 1 online resource. 
336 |a text  |b txt  |2 rdacontent 
337 |a computer  |b c  |2 rdamedia 
338 |a online resource  |b cr  |2 rdacarrier 
490 0 |a S.misdoc.16 
500 |a Record is based on bibliographic data in ProQuest U.S. Serial Set Digital Collection (last viewed July 2008). Reuse except for individual research requires license from ProQuest, LLC. 
510 3 |a ProQuest U.S. Serial Set Digital Collection 
500 |a Electronic resource. 
650 0 |a Courts. 
651 0 |a Concord (N.H.) 
651 0 |a New Hampshire. 
655 7 |a Electronic books.  |2 local 
710 2 |a ProQuest (Firm) 
830 0 |a United States congressional serial set. 
856 4 0 |u http://proxy.library.tamu.edu/login?url=http://congressional.proquest.com/congcomp/getdoc?SERIAL-SET-ID=511+S.misdoc.16  |z Connect to the full text of this electronic book  |t 0 
999 |a MARS 
999 f f |s 0be3dfb7-79b2-3952-a7bc-c9696e38f362  |i d61d604c-73bb-32ec-9ede-90d7acf03901  |t 0 
952 f f |a Texas A&M University  |b College Station  |c Electronic Resources  |d Available Online  |t 0  |e ProQuest Serial Set Number 511 S.misdoc.16  |h Other scheme 
998 f f |a ProQuest Serial Set Number 511 S.misdoc.16  |t 0  |l Available Online